[Event "KUP Vojvodine - finale"]
[Site "Novi Banovci, Hotel Novella un"]
[Date "2018.04.27"]
[Round "1.1"]
[White "Radulovic, Dragan B"]
[Black "Mladenovic, Dusan"]
[Result "1/2-1/2"]
[WhiteElo "2179"]
[BlackElo "2074"]
[PlyCount "41"]
[EventDate "2018.04.27"]
[WhiteTeam "Sremac"]
[BlackTeam "Mladenovo"]

1. c4 Nf6 2. Nf3 g6 3. Nc3 Bg7 4. g3 O-O 5. Bg2 d6 6. O-O c6 7. e4 Qc7 8. h3 e5
9. d4 Rd8 10. Be3 Nbd7 11. Rc1 Ne8 12. b4 exd4 13. Nxd4 Nf8 14. Qc2 Qe7 15. b5
Ne6 16. Nce2 Bd7 17. bxc6 bxc6 18. Nxe6 fxe6 19. Rb1 Rab8 20. Rb3 Rxb3 21. Qxb3
1/2-1/2

[Event "KUP Vojvodine - finale"]
[Site "Novi Banovci, Hotel Novella un"]
[Date "2018.04.27"]
[Round "1.1"]
[White "Rogac, Srdjan"]
[Black "Kocijasevic, Zivko"]
[Result "1-0"]
[WhiteElo "2331"]
[BlackElo "1885"]
[PlyCount "89"]
[EventDate "2018.04.27"]
[WhiteTeam "Mladenovo"]
[BlackTeam "Sremac"]

1. Nf3 Nf6 2. c4 d5 3. cxd5 Nxd5 4. g3 Nc6 5. Bg2 e5 6. d3 Be7 7. O-O O-O 8.
Bd2 Be6 9. Nc3 Nb6 10. Rc1 f6 11. a4 a6 12. Ne4 Nd7 13. Bc3 h6 14. Ned2 Rb8 15.
d4 exd4 16. Nxd4 Nxd4 17. Bxd4 c6 18. Nb3 Qc7 19. Qc2 Rfe8 20. Be3 Bf7 21. Rfd1
Ne5 22. Nd4 Rbd8 23. Nf5 Bf8 24. Bd4 c5 25. Ne3 b6 26. Bc3 b5 27. Nd5 Qb8 28.
Ba5 Rc8 29. Bh3 Rc6 30. Be1 Be6 31. Bxe6+ Rcxe6 32. Nf4 Rd6 33. Rxd6 Bxd6 34.
Rd1 Nc4 35. axb5 axb5 36. Nd5 Ne5 37. Bc3 b4 38. Bxe5 Bxe5 39. Qxc5 Bxb2 40.
Nxb4 Ba3 41. Qc4+ Kh8 42. Nd5 Qe5 43. Nf4 Qf5 44. Qa4 Re4 45. Qxa3 1-0

[Event "KUP Vojvodine - finale"]
[Site "Novi Banovci, Hotel Novella un"]
[Date "2018.04.27"]
[Round "1.1"]
[White "Nikolin, Vladimir"]
[Black "Krejic, Igor"]
[Result "0-1"]
[WhiteElo "1765"]
[BlackElo "2256"]
[PlyCount "92"]
[EventDate "2018.04.27"]
[WhiteTeam "Sremac"]
[BlackTeam "Mladenovo"]

1. Nf3 c5 2. g3 Nf6 3. Bg2 d5 4. O-O Nc6 5. d3 e5 6. Bg5 Be7 7. Nfd2 O-O 8. Nc3
Be6 9. e4 d4 10. Bxf6 Bxf6 11. Nd5 Bxd5 12. exd5 Nb4 13. d6 Qxd6 14. Bxb7 Rab8
15. Bg2 Qc7 16. Nc4 Nc6 17. Rb1 Na5 18. Nxa5 Qxa5 19. b3 Rfe8 20. a4 Qc3 21.
Qe2 g6 22. Bd5 Re7 23. Rbd1 Bg5 24. h4 Bh6 25. h5 Rd8 26. Bc4 Kg7 27. hxg6 hxg6
28. Kg2 f5 29. f3 Be3 30. Rb1 a5 31. Rbd1 Ree8 32. Rb1 Rh8 33. Rh1 Kf6 34. Rxh8
Rxh8 35. Rh1 Rxh1 36. Kxh1 Qa1+ 37. Kg2 Qg1+ 38. Kh3 Qh1+ 39. Qh2 Qxf3 40. Bb5
f4 41. Bd7 Kg5 42. Bb5 Bf2 43. Bc6 Qxc6 44. Qxf2 Qh1+ 45. Qh2 Qxh2+ 46. Kxh2
Kg4 0-1

[Event "KUP Vojvodine - finale"]
[Site "Novi Banovci, Hotel Novella un"]
[Date "2018.04.27"]
[Round "1.1"]
[White "Volarov, Damir"]
[Black "Jaksic, Dragoljub"]
[Result "1-0"]
[WhiteElo "2096"]
[BlackElo "1918"]
[PlyCount "47"]
[EventDate "2018.04.27"]
[WhiteTeam "Mladenovo"]
[BlackTeam "Sremac"]

1. Nf3 c5 2. g3 Nf6 3. c4 g6 4. Bg2 Bg7 5. O-O O-O 6. d4 cxd4 7. Nxd4 Nc6 8.
Nc2 d6 9. Nc3 Be6 10. b3 a6 11. Bb2 Bd7 12. h3 Qc7 13. e4 Rab8 14. Rc1 Qb6 15.
Ba1 Bh6 16. Nd5 Nxd5 17. exd5 Nd8 18. Bd4 Qa5 19. Ne3 e5 20. dxe6 Nxe6 21. Bc3
Qa3 22. Nd5 f6 23. Rc2 Bg7 24. Bb4 1-0

[Event "KUP Vojvodine - finale"]
[Site "Novi Banovci, Hotel Novella un"]
[Date "2018.04.27"]
[Round "1.2"]
[White "Pavkov, Nebojsa"]
[Black "Petrusic, Velimir"]
[Result "1-0"]
[WhiteElo "2182"]
[BlackElo "2137"]
[PlyCount "60"]
[EventDate "2018.04.27"]
[WhiteTeam "Hercegovac Gajdobra"]
[BlackTeam "Sloga Indjija I"]

1. e4 d5 2. Nc3 d4 3. Nce2 e5 4. Ng3 Be6 5. Nf3 Bd6 6. Bb5+ Nd7 7. O-O f6 8. d3
Ne7 9. Ba4 c5 10. Bb3 Nf8 11. Nh4 Qd7 12. Nh5 Ng8 13. Nf5 g6 14. Nhg7+ Kd8 15.
Nxe6+ Nxe6 16. Nxd6 Qxd6 17. Qg4 Ke7 18. g3 Rf8 19. f4 f5 20. Qh4+ Kd7 21. fxe5
Qxe5 22. Bd2 Ne7 23. Rae1 g5 24. exf5 Qxe1 25. Bxe6+ Kc6 26. Qxg5 h6 27. Qxe7
Qxd2 28. Qd7+ Kb6 29. Qd6+ Kb5 30. Bc4+ Ka4 1-0

[Event "KUP Vojvodine - finale"]
[Site "Novi Banovci, Hotel Novella un"]
[Date "2018.04.27"]
[Round "1.2"]
[White "Majstorovic, Stanko"]
[Black "Pecelj, Nedeljko"]
[Result "1/2-1/2"]
[WhiteElo "2055"]
[BlackElo "2186"]
[PlyCount "81"]
[EventDate "2018.04.27"]
[WhiteTeam "Sloga Indjija I"]
[BlackTeam "Hercegovac Gajdobra"]

1. e4 c5 2. Nf3 Nc6 3. d4 cxd4 4. Nxd4 g6 5. Nc3 Bg7 6. Be3 Nf6 7. Be2 O-O 8.
Qd2 d5 9. Nxc6 bxc6 10. O-O-O Qc7 11. exd5 Nxd5 12. Nxd5 cxd5 13. Bh6 Bf5 14.
Bxg7 Kxg7 15. g4 Be6 16. h4 h6 17. f4 f5 18. g5 h5 19. Qd4+ Kh7 20. Rh3 Rac8
21. c3 Bf7 22. Re3 e6 23. Bb5 Qa5 24. a4 Qb6 25. Qxb6 axb6 26. Rd4 Rc7 27. Rb4
Rb8 28. Kd2 Kg7 29. Re1 Kf8 30. Rd4 Ra8 31. Kd3 Rd8 32. b3 Ke7 33. Re3 Rd6 34.
Kd2 Be8 35. Rb4 Bxb5 36. axb5 Ra7 37. Ra4 Rxa4 38. bxa4 Rd8 39. Rd3 Rc8 40. Rd4
Kd6 41. Rb4 1/2-1/2

[Event "KUP Vojvodine - finale"]
[Site "Novi Banovci, Hotel Novella un"]
[Date "2018.04.27"]
[Round "1.2"]
[White "Dukic, Aleksandar"]
[Black "Labus, Vladislav"]
[Result "1-0"]
[WhiteElo "2076"]
[BlackElo "2112"]
[PlyCount "71"]
[EventDate "2018.04.27"]
[WhiteTeam "Hercegovac Gajdobra"]
[BlackTeam "Sloga Indjija I"]

1. Nf3 Nf6 2. d4 b6 3. c4 Bb7 4. Nc3 e6 5. Bg5 Be7 6. e3 O-O 7. Bd3 d5 8. O-O
Ne4 9. Bf4 Nd7 10. cxd5 exd5 11. Rc1 c5 12. dxc5 Nxc3 13. Rxc3 bxc5 14. Ne5
Nxe5 15. Bxe5 Bd6 16. Bxd6 Qxd6 17. Qc2 Rfc8 18. Bxh7+ Kf8 19. Bf5 Rc7 20. Rc1
g6 21. Bh3 c4 22. b3 Ba6 23. Qd2 Qe5 24. g3 Ke7 25. Rd1 Rd8 26. Bf1 Rcd7 27.
Qd4 Qh5 28. Qc5+ Ke6 29. Rd4 Qe5 30. bxc4 dxc4 31. Bxc4+ Bxc4 32. Qxc4+ Kf6 33.
Rxd7 Rxd7 34. Qf4+ Qxf4 35. gxf4 Kf5 36. Kg2 1-0

[Event "KUP Vojvodine - finale"]
[Site "Novi Banovci, Hotel Novella un"]
[Date "2018.04.27"]
[Round "1.2"]
[White "Ivas, Jovo"]
[Black "Dedijer, Zarko"]
[Result "1/2-1/2"]
[WhiteElo "2051"]
[BlackElo "1981"]
[PlyCount "80"]
[EventDate "2018.04.27"]
[WhiteTeam "Sloga Indjija I"]
[BlackTeam "Hercegovac Gajdobra"]

1. e4 e6 2. d4 d5 3. Nd2 dxe4 4. Nxe4 Bd7 5. Nf3 Bc6 6. Bd3 Nd7 7. O-O Ngf6 8.
Nxf6+ Nxf6 9. c3 Bxf3 10. Qxf3 c6 11. Bg5 Be7 12. Bxf6 Bxf6 13. a4 O-O 14. a5
a6 15. b4 g6 16. Rad1 Kg7 17. Rfe1 Qd5 18. Qe2 Rad8 19. f4 Rd7 20. Bc4 Qf5 21.
Qe4 Qxe4 22. Rxe4 h5 23. g3 Bd8 24. h4 Bc7 25. Kf2 Kf6 26. Kf3 Re8 27. Rde1 Bb8
28. R4e2 Kg7 29. Rh1 Rh8 30. Rg2 Rdd8 31. Re2 Bc7 32. Ra2 Kf6 33. Ke4 Rd7 34.
Rg2 Rdd8 35. Ra2 Rd7 36. Bb3 Bb8 37. Re1 Rhd8 38. Rd2 Bc7 39. Bc4 Bb8 40. Rg2
Kg7 1/2-1/2

[Event "KUP Vojvodine - finale"]
[Site "Novi Banovci, Hotel Novella un"]
[Date "2018.04.27"]
[Round "1.3"]
[White "Babic, Laza"]
[Black "Sekulic, Dusan"]
[Result "1-0"]
[WhiteElo "1857"]
[BlackElo "2220"]
[PlyCount "35"]
[EventDate "2018.04.27"]
[WhiteTeam "Simanovci"]
[BlackTeam "Banovci Dunav"]

1. e4 e5 2. Nf3 Nc6 3. d4 exd4 4. Nxd4 Nf6 5. Bg5 Bc5 6. Nxc6 bxc6 7. Bd3 h6 8.
Bh4 Rb8 9. O-O g5 10. Bg3 Rxb2 11. e5 Nd5 12. e6 d6 13. exf7+ Kf8 14. Nd2 h5
15. h3 h4 16. Bh2 Bd4 17. Bc4 Bg7 18. Bb3 1-0

[Event "KUP Vojvodine - finale"]
[Site "Novi Banovci, Hotel Novella un"]
[Date "2018.04.27"]
[Round "1.3"]
[White "Saric, Vladimir"]
[Black "Moldovanovic, Dragan"]
[Result "0-1"]
[WhiteElo "2182"]
[BlackElo "2015"]
[PlyCount "74"]
[EventDate "2018.04.27"]
[WhiteTeam "Simanovci"]
[BlackTeam "Banovci Dunav"]

1. e4 c6 2. f4 d5 3. exd5 cxd5 4. Bb5+ Nc6 5. Nf3 Qb6 6. Ba4 Bd7 7. c3 Nf6 8.
d4 e6 9. O-O Bd6 10. Kh1 O-O 11. Bc2 Rac8 12. Ne5 Qc7 13. Be3 Ne7 14. Nxd7 Qxd7
15. g4 Ne4 16. Nd2 f5 17. gxf5 exf5 18. Nf3 Rf6 19. Ne5 Qe8 20. Qf3 Rh6 21. Rg1
Qh5 22. Qg2 g6 23. Rae1 Qh3 24. Qxh3 Rxh3 25. Kg2 Rh4 26. h3 Kg7 27. Kh2 Ng8
28. Bxe4 dxe4 29. Kg3 Rh5 30. d5 Nf6 31. Rd1 g5 32. c4 Kf8 33. Bd4 gxf4+ 34.
Kxf4 Rxc4 35. Bc3 e3+ 36. Kxe3 Re4+ 37. Kf3 Bxe5 0-1

[Event "KUP Vojvodine - finale"]
[Site "Novi Banovci, Hotel Novella un"]
[Date "2018.04.27"]
[Round "1.4"]
[White "Gajcin, Marina"]
[Black "Jovanovic, Radoslav"]
[Result "1-0"]
[WhiteElo "2222"]
[BlackElo "2197"]
[PlyCount "84"]
[EventDate "2018.04.27"]
[WhiteTeam "Prigrevacki SK"]
[BlackTeam "Car Uros Jazak"]

1. e4 d5 2. exd5 Nf6 3. d4 c6 4. dxc6 Nxc6 5. c3 e5 6. dxe5 Qxd1+ 7. Kxd1 Nxe5
8. Bb5+ Bd7 9. Bxd7+ Nfxd7 10. Kc2 Bc5 11. f3 O-O 12. Nd2 a5 13. Nb3 Bb6 14.
Ne2 Rfe8 15. Nbd4 Rac8 16. Bf4 Ng6 17. Bg3 Nf6 18. Rae1 Nd5 19. Nf5 Red8 20.
Kb1 a4 21. a3 Ba5 22. Rd1 Rc6 23. Rhe1 Re6 24. Ned4 Rb6 25. Kc2 h5 26. Re4 Rc8
27. Ne2 Bxc3 28. bxc3 Nf6 29. Rxa4 Re8 30. Nc1 Rc6 31. Nd6 Re3 32. Rc4 Ra6 33.
Rc8+ Kh7 34. Nxf7 Ne7 35. Rh8+ Kg6 36. Ne5+ Kf5 37. Nc4 Ree6 38. Nb3 Re2+ 39.
Kd3 b5 40. Nd4+ Kg6 41. Ne5+ Rxe5 42. Bxe5 Nd7 1-0

[Event "KUP Vojvodine - finale"]
[Site "Novi Banovci, Hotel Novella un"]
[Date "2018.04.27"]
[Round "1.4"]
[White "Nikolic, Predrag N"]
[Black "Stojanovic, Andrej"]
[Result "1-0"]
[WhiteElo "1973"]
[BlackElo "2162"]
[PlyCount "108"]
[EventDate "2018.04.27"]
[WhiteTeam "Car Uros Jazak"]
[BlackTeam "Prigrevacki SK"]

1. e4 c6 2. d4 d5 3. Nd2 dxe4 4. Nxe4 Nf6 5. Nxf6+ exf6 6. Nf3 Bd6 7. Bd3 O-O
8. O-O Bg4 9. h3 Bh5 10. c4 Re8 11. g4 Bg6 12. Nh4 Bc7 13. Bxg6 hxg6 14. Be3 f5
15. Ng2 Nd7 16. gxf5 gxf5 17. Qf3 Qf6 18. Rad1 Re4 19. Rfe1 Rae8 20. Bc1 Rxe1+
21. Rxe1 Rxe1+ 22. Nxe1 Qxd4 23. Qxf5 Qd1 24. Kf1 Qxc1 25. Qxd7 Qxc4+ 26. Kg1
Qf4 27. Qc8+ Kh7 28. Qd7 Qh2+ 29. Kf1 Qh1+ 30. Ke2 Qe4+ 31. Kf1 Ba5 32. Nd3 Bb6
33. b3 Bd4 34. Ne1 Bc3 35. Nd3 Bd4 36. Ne1 f5 37. f3 Qf4 38. Qe8 Qg5 39. Qd7 c5
40. Qd5 b6 41. h4 Qg1+ 42. Ke2 Qe3+ 43. Kd1 Qe5 44. Qd7 a6 45. Nd3 Qf6 46. Nf4
Be5 47. Nd5 Qg6 48. Nxb6 Qg1+ 49. Kc2 Qf2+ 50. Kc1 Qxf3 51. Nc4 Bd4 52. Qe6 Qg4
53. Qxa6 f4 54. Nd2 Be3 1-0

[Event "KUP Vojvodine - finale"]
[Site "Novi Banovci, Hotel Novella un"]
[Date "2018.04.27"]
[Round "1.4"]
[White "Milosevic, Dragan S"]
[Black "Ostojic, Aleksandar"]
[Result "1/2-1/2"]
[WhiteElo "1944"]
[BlackElo "2079"]
[PlyCount "58"]
[EventDate "2018.04.27"]
[WhiteTeam "Car Uros Jazak"]
[BlackTeam "Prigrevacki SK"]

1. c4 Nf6 2. Nc3 g6 3. d4 d5 4. Nf3 Bg7 5. Bg5 c6 6. e3 O-O 7. Bd3 Bg4 8. h3
Bxf3 9. Qxf3 dxc4 10. Bxc4 Qa5 11. Bxf6 Bxf6 12. O-O Nd7 13. a3 Rad8 14. b4 Qc7
15. Rac1 Nb6 16. Bb3 Qb8 17. Ne4 Bg7 18. Ng5 Bf6 19. Ne4 Bg7 20. Ng5 e6 21.
Rfd1 h6 22. Ne4 Nd5 23. Nc5 a6 24. g3 Nc7 25. Qf4 Rfe8 26. Ne4 Nd5 27. Qxb8
Rxb8 28. Nc5 Re7 29. Rc2 Rd8 1/2-1/2

[Event "KUP Vojvodine - finale"]
[Site "Novi Banovci, Hotel Novella un"]
[Date "2018.04.27"]
[Round "1.5"]
[White "Jevtic, Mirko"]
[Black "Vlatkovic, Sinisa"]
[Result "0-1"]
[WhiteElo "1824"]
[BlackElo "2263"]
[PlyCount "68"]
[EventDate "2018.04.27"]
[WhiteTeam "Podunavac Belegis"]
[BlackTeam "Mladost Nova Pazova"]

1. e4 d6 2. Nc3 e5 3. Bc4 c6 4. d4 b5 5. Bb3 exd4 6. Qxd4 Nf6 7. a3 Be7 8. Nge2
O-O 9. O-O Nbd7 10. Ng3 g6 11. Bf4 Qc7 12. Rad1 Ne5 13. Qd2 Rd8 14. Qc1 Rb8 15.
h3 a5 16. Bg5 Be6 17. Bxe6 fxe6 18. f4 Nf7 19. Bxf6 Bxf6 20. Nce2 d5 21. f5
exf5 22. exf5 Bg5 23. Qb1 Kg7 24. fxg6 hxg6 25. c3 Re8 26. Qd3 Re3 27. Qd4+ Qe5
28. Qxe5+ Nxe5 29. Kh2 Nc4 30. Nd4 Rbe8 31. Rf2 Rc8 32. Ngf5+ gxf5 33. Nxf5+
Kg6 34. Nxe3 Nxe3 0-1

[Event "KUP Vojvodine - finale"]
[Site "Novi Banovci, Hotel Novella un"]
[Date "2018.04.27"]
[Round "1.5"]
[White "Grcic, Vukasin"]
[Black "Verencevic, Milan"]
[Result "1-0"]
[WhiteElo "2098"]
[BlackElo "1977"]
[PlyCount "73"]
[EventDate "2018.04.27"]
[WhiteTeam "Mladost Nova Pazova"]
[BlackTeam "Podunavac Belegis"]

1. e4 e6 2. d4 d5 3. Nc3 Nf6 4. e5 Nfd7 5. Nce2 c5 6. c3 Nc6 7. Nf3 Qb6 8. a3
Be7 9. Nf4 O-O 10. h4 cxd4 11. cxd4 Na5 12. b4 Nc4 13. Bd3 f6 14. Qc2 f5 15.
Bxc4 dxc4 16. Qxc4 Re8 17. Be3 Nf8 18. d5 exd5 19. Qxd5+ Be6 20. Bxb6 Bxd5 21.
Nxd5 axb6 22. Nc7 Bxb4+ 23. Ke2 Bc5 24. Nxe8 Rxe8 25. Rhd1 Ng6 26. g3 Nxe5 27.
Nxe5 Rxe5+ 28. Kf3 Re7 29. Rd5 g6 30. a4 Re4 31. Rd7 Rb4 32. Ra2 h6 33. Rxb7 g5
34. hxg5 hxg5 35. Rd2 Bd4 36. a5 f4 37. a6 1-0

[Event "KUP Vojvodine - finale"]
[Site "Novi Banovci, Hotel Novella un"]
[Date "2018.04.27"]
[Round "1.5"]
[White "Domonji, Martin"]
[Black "Gavric, Zivojin"]
[Result "0-1"]
[WhiteElo "1958"]
[BlackElo "2102"]
[PlyCount "156"]
[EventDate "2018.04.27"]
[WhiteTeam "Podunavac Belegis"]
[BlackTeam "Mladost Nova Pazova"]

1. d4 d5 2. Nf3 Bf5 3. Bf4 e6 4. e3 Bd6 5. Bg3 Nf6 6. c3 Nbd7 7. Nbd2 O-O 8.
Be2 Re8 9. O-O Bxg3 10. hxg3 h6 11. Re1 c5 12. Bb5 a6 13. Bxd7 Nxd7 14. e4 dxe4
15. Nxe4 Bxe4 16. Rxe4 Nf6 17. Re1 Qb6 18. Qc2 cxd4 19. Nxd4 Rac8 20. Nf3 Qc7
21. Rac1 b5 22. Ne5 Red8 23. Qe2 Rd5 24. c4 Rd4 25. b3 bxc4 26. Rxc4 Rxc4 27.
Qxc4 Qb7 28. Qd3 a5 29. Nc4 Qc7 30. a4 Nd5 31. Qf3 Qc5 32. Kh2 Rb8 33. Re2 Nf6
34. Ne5 Qb6 35. Re3 Qc7 36. Nc4 Qc5 37. Kg1 Qd4 38. Ne5 Rc8 39. Nc4 Rd8 40. Ne5
Qa1+ 41. Kh2 Rd1 42. g4 Rh1+ 43. Kg3 h5 44. Qa8+ Kh7 45. gxh5 Rxh5 46. Nf3 Nd5
47. Re4 Nf6 48. Rf4 Qb1 49. Nh4 Qxb3+ 50. Qf3 Qxf3+ 51. Nxf3 Rh1 52. Rc4 Nh5+
53. Kg4 Kh6 54. Nd2 Rd1 55. Rc2 Nf6+ 56. Kf3 Nd5 57. Nc4 Rd4 58. g3 f6 59. Rc1
e5 60. Rh1+ Kg6 61. Nxa5 Rxa4 62. Nc6 Rc4 63. Nd8 e4+ 64. Kg2 Rc2 65. Ne6 Rb2
66. Kh3 Rxf2 67. Rd1 Ne3 68. Rd7 Nf5 69. g4 Rf3+ 70. Kh2 Ne3 71. Rxg7+ Kh6 72.
Re7 Nxg4+ 73. Kg2 Ne3+ 74. Kh2 f5 75. Nf8 Kg5 76. Re6 Rf2+ 77. Kg1 Rg2+ 78. Kh1
Kf4 0-1

[Event "KUP Vojvodine - finale"]
[Site "Novi Banovci, Hotel Novella un"]
[Date "2018.04.27"]
[Round "1.5"]
[White "Cecaric, Milan"]
[Black "Vasiljevic, Milan D"]
[Result "1-0"]
[WhiteElo "2040"]
[BlackElo "1622"]
[PlyCount "73"]
[EventDate "2018.04.27"]
[WhiteTeam "Mladost Nova Pazova"]
[BlackTeam "Podunavac Belegis"]

1. e4 e5 2. Nf3 Nc6 3. Bc4 h6 4. c3 Nf6 5. d3 Be7 6. b4 a6 7. a4 d6 8. Qb3 O-O
9. Be3 Ng4 10. h3 Nxe3 11. fxe3 Bg5 12. Ke2 Qe7 13. g4 g6 14. Nbd2 Be6 15. Bxe6
Qxe6 16. Qxe6 fxe6 17. Nxg5 hxg5 18. Nf3 Rf6 19. Nxg5 Raf8 20. Raf1 Rxf1 21.
Rxf1 Rxf1 22. Kxf1 Nd8 23. Kf2 Kg7 24. Kg3 Kf6 25. h4 b5 26. axb5 axb5 27. d4
c6 28. Nf3 Nf7 29. g5+ Kg7 30. Kg4 exd4 31. exd4 Kh7 32. e5 d5 33. Ne1 Kg7 34.
Nd3 Nh8 35. Nc5 Kf7 36. Nd7 Ke7 37. Nb8 1-0

[Event "KUP Vojvodine - finale"]
[Site "Novi Banovci, Hotel Novella un"]
[Date "2018.04.27"]
[Round "1.6"]
[White "Bakvic, Zoran"]
[Black "Scepanovic, Labud"]
[Result "0-1"]
[WhiteElo "1999"]
[BlackElo "2121"]
[PlyCount "90"]
[EventDate "2018.04.27"]
[WhiteTeam "Sloga Indjija II"]
[BlackTeam "Penzioner Subotica"]

1. Nf3 d6 2. b3 e5 3. e4 Nf6 4. Nc3 Be7 5. h3 O-O 6. Be2 Nc6 7. O-O Nd4 8. Re1
c5 9. Bf1 a6 10. a4 b6 11. d3 h6 12. Nxd4 exd4 13. Ne2 Be6 14. f4 Rc8 15. f5
Bd7 16. Bd2 Nh7 17. c4 dxc3 18. Nxc3 Bh4 19. Qg4 Bxe1 20. Rxe1 Kh8 21. Qf3 Bc6
22. Nd1 d5 23. Bb4 dxe4 24. Qf2 Re8 25. dxe4 Nf6 26. Bxa6 Ra8 27. Bc4 Nxe4 28.
Qf3 Qd7 29. Qh5 Kg8 30. Ne3 Nf6 31. Qe2 Rad8 32. Rd1 Qb7 33. Rc1 Rd4 34. Be1
Red8 35. Bc3 R4d7 36. Qb2 Ne4 37. Be1 Rd4 38. Bh4 Re8 39. Be1 b5 40. axb5 Bxb5
41. Bc3 Nxc3 42. Qxc3 Bxc4 43. Nxc4 Qd7 44. Rc2 Qxf5 45. Rf2 Rd1+ 0-1

[Event "KUP Vojvodine - finale"]
[Site "Novi Banovci, Hotel Novella un"]
[Date "2018.04.27"]
[Round "1.6"]
[White "Sedlak, Ivan"]
[Black "Mandic, Milenko"]
[Result "1-0"]
[WhiteElo "2082"]
[BlackElo "1956"]
[PlyCount "58"]
[EventDate "2018.04.27"]
[WhiteTeam "Penzioner Subotica"]
[BlackTeam "Sloga Indjija II"]

1. e4 d6 2. d4 Nf6 3. Nc3 g6 4. Be3 Bg7 5. Qd2 h5 6. h3 c6 7. Nf3 b5 8. a3 a6
9. Be2 Bb7 10. O-O Nbd7 11. e5 dxe5 12. dxe5 Nd5 13. Nxd5 cxd5 14. e6 fxe6 15.
Ng5 Nf8 16. Rad1 Rc8 17. c3 e5 18. f4 exf4 19. Bxf4 Bf6 20. Bd3 Qb6+ 21. Kh1
Rg8 22. Qe2 Rg7 23. Be5 Nd7 24. Bxf6 Nxf6 25. Qe5 Kd7 26. Bxg6 Rcg8 27. Bf5+
Kc6 28. Ne6 Rxg2 29. Nd4+ Kc5 1-0

[Event "KUP Vojvodine - finale"]
[Site "Novi Banovci, Hotel Novella un"]
[Date "2018.04.27"]
[Round "1.6"]
[White "Simjanovski, Zaharije"]
[Black "Puhalo, Zdravko"]
[Result "1/2-1/2"]
[WhiteElo "1893"]
[BlackElo "2027"]
[PlyCount "76"]
[EventDate "2018.04.27"]
[WhiteTeam "Sloga Indjija II"]
[BlackTeam "Penzioner Subotica"]

1. Nf3 d6 2. d4 g6 3. Bf4 c6 4. c3 Bg7 5. e3 Nf6 6. h3 Qb6 7. Qb3 Nbd7 8. Nbd2
O-O 9. Be2 Qc7 10. O-O a6 11. Rac1 c5 12. Rfd1 b5 13. a3 Bb7 14. c4 bxc4 15.
Qxc4 Qb6 16. dxc5 Nxc5 17. b4 Ne6 18. Bg3 Rac8 19. Qd3 d5 20. Nb3 Bc6 21. Nbd4
Nxd4 22. Nxd4 Ba4 23. Re1 Bd7 24. Rxc8 Bxc8 25. Rc1 Ne4 26. Bc7 Qf6 27. Bf3 Bb7
28. Bxe4 dxe4 29. Qc4 Rc8 30. Qc5 e5 31. Nb3 Qe6 32. Na5 Bf8 33. Qa7 Bd5 34.
Rd1 f6 35. Qb6 Kf7 36. Bd8 Qxb6 37. Bxb6 Ke6 38. Rb1 Rc3 1/2-1/2

[Event "KUP Vojvodine - finale"]
[Site "Novi Banovci, Hotel Novella u"]
[Date "2018.04.28"]
[Round "2.1"]
[White "Rogac, Srdjan"]
[Black "Vlatkovic, Sinisa"]
[Result "0-1"]
[WhiteElo "2331"]
[BlackElo "2263"]
[PlyCount "113"]
[EventDate "2018.04.27"]
[WhiteTeam "Mladenovo"]
[BlackTeam "Mladost Nova Pazova"]

1. Nf3 d5 2. c4 e6 3. b3 Be7 4. Bb2 Bf6 5. Bxf6 Qxf6 6. Nc3 Ne7 7. e3 O-O 8. d4
Rd8 9. c5 Nbc6 10. Nb5 Rd7 11. Be2 a6 12. Nc3 e5 13. dxe5 Nxe5 14. Nd4 b6 15.
Na4 b5 16. Nc3 N5c6 17. O-O Nxd4 18. Qxd4 Qxd4 19. exd4 b4 20. Na4 Nc6 21. Rfd1
Rd8 22. Rd2 Bf5 23. Bf3 g5 24. h3 Kg7 25. Nb2 Rd7 26. Nd1 a5 27. Ne3 Be6 28.
Be2 Rb8 29. Bg4 Re8 30. Be2 Rb8 31. Rf1 Re7 32. Kh2 h6 33. Ba6 f5 34. f4 Rf7
35. Nc2 Bd7 36. Be2 Ne7 37. Bh5 Rf6 38. Re1 Re6 39. Re5 Rxe5 40. fxe5 f4 41.
Ne1 Ra8 42. g3 fxg3+ 43. Kxg3 a4 44. Bd1 axb3 45. Bxb3 Ba4 46. Rf2 Bxb3 47.
axb3 Ra3 48. Rf3 Nc6 49. Rd3 Ra2 50. Ng2 Kf7 51. Rf3+ Ke7 52. Ne3 Nxd4 53.
Nxd5+ Ke6 54. Nxb4 Rb2 55. Rd3 Kxe5 56. Kg4 Nxb3 57. Na6 0-1

[Event "KUP Vojvodine - finale"]
[Site "Novi Banovci, Hotel Novella u"]
[Date "2018.04.28"]
[Round "2.1"]
[White "Grcic, Vukasin"]
[Black "Parezanin, Darko"]
[Result "1-0"]
[WhiteElo "2098"]
[BlackElo "2285"]
[PlyCount "87"]
[EventDate "2018.04.27"]
[WhiteTeam "Mladost Nova Pazova"]
[BlackTeam "Mladenovo"]

1. e4 g6 2. d4 d6 3. Nc3 c6 4. f4 d5 5. e5 h5 6. Nf3 Bg4 7. Be3 e6 8. Bd3 Nh6
9. O-O Nf5 10. Bxf5 gxf5 11. Qd3 Bxf3 12. Rxf3 h4 13. Bf2 Be7 14. Ne2 Nd7 15.
b3 Qa5 16. c4 Qa6 17. cxd5 Qxd3 18. Rxd3 exd5 19. g3 h3 20. Nc3 Ba3 21. Nd1 a5
22. Ne3 Rh5 23. Be1 b6 24. Kf2 f6 25. Kf3 fxe5 26. fxe5 O-O-O 27. Kf4 Nf8 28.
Rb1 Ne6+ 29. Kf3 Rf8 30. b4 f4 31. Rxa3 fxg3+ 32. Kxg3 Rg5+ 33. Ng4 Rf4 34.
Kxh3 axb4 35. Rxb4 Rgxg4 36. Bg3 Rxd4 37. Rxb6 Ng5+ 38. Kg2 Rd2+ 39. Kf1 Rc4
40. Rb1 Rcc2 41. e6 Kd8 42. Ra7 Rb2 43. Rxb2 Rxb2 44. Bh4 1-0

[Event "KUP Vojvodine - finale"]
[Site "Novi Banovci, Hotel Novella u"]
[Date "2018.04.28"]
[Round "2.1"]
[White "Krejic, Igor"]
[Black "Subotic, Srbislav"]
[Result "1-0"]
[WhiteElo "2256"]
[BlackElo "2133"]
[PlyCount "71"]
[EventDate "2018.04.27"]
[WhiteTeam "Mladenovo"]
[BlackTeam "Mladost Nova Pazova"]

1. e4 e6 2. d4 d5 3. exd5 c5 4. c3 Nc6 5. Nf3 cxd4 6. cxd4 Qb6 7. a3 Bd7 8. b4
Rc8 9. Be2 a5 10. b5 Nxd4 11. Nxd4 Rxc1 12. Qxc1 Qxd4 13. Qc7 Bc5 14. O-O Qxa1
15. Qxc5 Qe5 16. Bd3 Nf6 17. Nd2 Qf4 18. Nb3 Qb8 19. b6 a4 20. Nd4 Kd8 21. Nb5
Ne8 22. Rc1 Qe5 23. g3 g5 24. Qb4 h5 25. Re1 Qb8 26. Qxa4 h4 27. Qd4 Rh6 28.
Rc1 hxg3 29. fxg3 Bc6 30. Qe3 f6 31. Nd4 Qd6 32. Nxe6+ Kc8 33. Nd4 Rh8 34. Bf5+
Kb8 35. Qc3 Qe5 36. Re1 1-0

[Event "KUP Vojvodine - finale"]
[Site "Novi Banovci, Hotel Novella u"]
[Date "2018.04.28"]
[Round "2.1"]
[White "Gavric, Zivojin"]
[Black "Volarov, Damir"]
[Result "1-0"]
[WhiteElo "2102"]
[BlackElo "2096"]
[PlyCount "119"]
[EventDate "2018.04.27"]
[WhiteTeam "Mladost Nova Pazova"]
[BlackTeam "Mladenovo"]

1. e4 d6 2. Nc3 Nf6 3. g3 e5 4. Bg2 c6 5. Nh3 Qb6 6. Qe2 Be7 7. f3 O-O 8. Nf2
Na6 9. O-O Nc7 10. b3 Ne6 11. Na4 Qc7 12. c3 b5 13. Nb2 a6 14. Nbd1 d5 15. Ne3
Bb7 16. Nf5 Bc5 17. Kh1 d4 18. Nd3 Ba7 19. Ba3 c5 20. cxd4 Nxd4 21. Nxd4 exd4
22. Rac1 Nd7 23. Bh3 Rfe8 24. Bxc5 Nxc5 25. Nxc5 Qe7 26. Nxb7 Qxb7 27. d3 Bb6
28. Qd2 Re5 29. Rc2 Rc5 30. Rfc1 Rxc2 31. Rxc2 Rd8 32. Qg5 h6 33. Qf4 Qb8 34.
Qf5 Bc7 35. f4 Qb6 36. Qc5 Qxc5 37. Rxc5 Bb6 38. Rc6 Rb8 39. e5 a5 40. Kg2 Kf8
41. Kf3 Ke7 42. Ke4 a4 43. bxa4 bxa4 44. Rc4 Ra8 45. Rb4 Bd8 46. Rb7+ Ke8 47.
Kxd4 a3 48. Bg2 Rc8 49. Bd5 Be7 50. Bc4 Bc5+ 51. Ke4 Be7 52. h4 f6 53. Kf5 fxe5
54. fxe5 Kf8 55. Be6 Rd8 56. Bd7 Ra8 57. d4 Bd8 58. d5 g5 59. hxg5 Bxg5 60. Be6
1-0